The independence of the central bank: Is it feasible? (Record no. 543)

MARC details
000 -LEADER
fixed length control field 00432nam a2200169Ia 4500
008 - FIXED-LENGTH DATA ELEMENTS--GENERAL INFORMATION
fixed length control field 240428s9999||||xx |||||||||||||| ||und||
020 ## - INTERNATIONAL STANDARD BOOK NUMBER
International Standard Book Number 9988584032
041 ## - LANGUAGE CODE
Language code of text/sound track or separate title eng
082 ## - DEWEY DECIMAL CLASSIFICATION NUMBER
Classification number 332.11A
100 ## - MAIN ENTRY--PERSONAL NAME
Personal name Apea, K.S
245 #4 - TITLE STATEMENT
Title The independence of the central bank: Is it feasible?
260 ## - PUBLICATION, DISTRIBUTION, ETC.
Name of publisher, distributor, etc. Institute of Economic Affairs
Place of publication, distribution, etc. Accra
Date of publication, distribution, etc. 1999
300 ## - PHYSICAL DESCRIPTION
Extent 23p, tabs
650 ## - SUBJECT ADDED ENTRY--TOPICAL TERM
Topical term or geographic name entry element central bank - Ghana
942 ## - ADDED ENTRY ELEMENTS (KOHA)
Koha item type Books
Holdings
Withdrawn status Lost status Damaged status Not for loan Home library Current library Shelving location Date acquired Total checkouts Full call number Date last seen Copy number Price effective from Koha item type
        Main Library Main Library Open Shelves 27/01/2022   332.11A 00581 C1 29/04/2024 1 29/04/2024 Books
©2026  Parliament of Ghana Library - All rights reserved